000 01083nam a22003137a 4500
005 20190930085209.0
008 130419n2012|||||||||||gr|||||00||0|spa||
020 _a9788420609270 (3a.Ed.)
020 _a9788420636979
040 _aCo-BoUCM
_bspa
_cSaul Niño (Modificó)
_d[Nuevo]
041 1 _aspa
_hfre
100 1 _aCamus, Albert
_d1913-1960
_967597
245 1 3 _aEl mito de Sísifo
_cAlbert Camus ; traductora : Esther Benítez
250 _aTercera edición
260 _aBarcelona (España)
_bAlianza
_c2012
300 _a174 páginas
490 0 _aEl Libro de Bolsillo
500 _aIncluye índice
600 1 4 _aKafka, Franz
_d1883-1924
_xCrítica e interpretación, etc.
_978356
650 0 4 _aEnsayos franceses
_914564
650 0 4 _aFilosofía francesa
_915814
650 0 4 _aLiteratura europea
_926524
650 0 4 _aLiteratura francesa
_97794
690 0 _aLiteratura europea
_926524
700 1 _aBenítez, Esther
_etraductor
_964171
765 _tLe mythe de Sisyphe
942 _cLIBRO
_e3
_a18
_2DEWEY
_h844.914
_mC211m
999 _c93357
_d93357